Statistics for Thanksgiving Day Double Puzzle

Click here to take the quiz!

General Stats

  • This quiz has been taken 103 times
  • The average score is 7 of 10

Answer Stats

Hint Answer % Correct
EMeat traditionally served on ThanksgivingTurkey
100%
RDay of the week this holiday is celebratedThursday
97%
LTypes of people that attended the 1st ThanksgivingPilgrims
83%
YSettlement in which the first Thanksgiving took placePlymouth
72%
OFunnel-type basket that holds fruits and vegetablesCornucopia
63%
MTypes of people that attended the 1st ThanksgivingNative Americans
59%
WThe colonists' term for the Western HemisphereNew World
59%
FA common term for the meal eaten on this holidayFeast
56%
AHe helped the colonists learn to cultivate cropsSquanto
49%
Thanksgiving Day PhraseMAYFLOWER
40%

Score Distribution

Percentile by Number Answered

Percent of People with Each Score

Your Score History

You have not taken this quiz